00431 2200157 4500245007900000020002200079250001100101100001600112650002500128005001900153260003800172041001400210084001000224300003000234336000900264 aAkses dan Layanan Perpustakaan b : Teori dan AplikasicElva RahmahhText a978-602-422-085-3 aCet. 1 aElva Rahmah aLayanan Perpustakaan a20230525133229 aJakartabPrenadamedia Groupc2018 aIndonesia a020.2 axvi, 248 hlm. :c20.5 cm. atext